[Event "Rhein Main op-B 21st"]
[Site "Bad Homburg"]
[Date "2018.06.01"]
[Round "4"]
[White "Ringel, Max"]
[Black "Francke, Helmut"]
[Result "1/2-1/2"]
[WhiteElo "1296"]
[BlackElo "1924"]
[PlyCount "37"]
[EventDate "2018.05.30"]
[EventType "swiss"]
[EventRounds "7"]
[EventCountry "GER"]
[SourceTitle "EXT 2019"]
[Source "ChessBase"]
[SourceDate "2018.10.10"]
[SourceVersion "1"]
[SourceVersionDate "2018.10.10"]
[SourceQuality "1"]

1. e4 c5 2. Nf3 d6 3. d4 cxd4 4. Nxd4 Nf6 5. Nc3 g6 6. f4 Nbd7 7. Be3 Bg7 8. Be2 0-0 9. 0-0 a6 10. a4 Qc7 11. Qd2 b6 12. Nb3 Bb7 13. Bf3 Rac8 14. Rfc1 Rfe8 15. Rab1 Qc4 16. e5 Ne4 17. Bxe4 Bxe4 18. Qd4 Bb7 19. Qxc4 1/2-1/2

[Event "Rhein Main op-B 20th"]
[Site "Bad Homburg"]
[Date "2017.06.18"]
[Round "7"]
[White "Knuplesch, Ulrich"]
[Black "Ringel, Max"]
[Result "0-1"]
[WhiteElo "1655"]
[BlackElo "1175"]
[PlyCount "116"]
[EventDate "2017.06.14"]
[EventType "swiss"]
[EventRounds "7"]
[EventCountry "GER"]
[SourceTitle "EXT 2018"]
[Source "ChessBase"]
[SourceDate "2017.10.13"]
[SourceVersion "1"]
[SourceVersionDate "2017.10.13"]
[SourceQuality "1"]

1. e4 c5 2. Nf3 d6 3. d4 cxd4 4. Nxd4 Nf6 5. Nc3 a6 6. Bg5 e6 7. f4 Be7 8. Qf3 0-0 9. 0-0-0 Qc7 10. Bd3 Nc6 11. Nxc6 bxc6 12. Rhe1 d5 13. e5 Ne8 14. Bh6 gxh6 15. Qg4+ Kh8 16. Re3 Rg8 17. Qh5 f5 18. Rg3 Rxg3 19. hxg3 Bb7 20. Qxh6 Qd7 21. Rh1 Bc5 22. Na4 Be3+ 23. Kb1 Nc7 24. g4 Rg8 25. gxf5 exf5 26. Qf6+ Rg7 27. Bxf5 Qf7 28. Rxh7+ Kg8 29. Qh6 Rxh7 30. Bxh7+ Qxh7 31. Qg5+ Kf7 32. Qf6+ Ke8 33. a3 Kd7 34. Qd6+ Ke8 35. Qf6 Bf2 36. g4 Bh4 37. g5 Bg3 38. g6 Qg8 39. f5 Qf8 40. Qg5 Bxe5 41. Qe3 Qxf5 42. g7 Kf7 43. Qa7 Bc8 44. Nb6 Qf1+ 45. Ka2 Qb5 46. c3 Be6 47. a4 d4+ 48. c4 Bxc4+ 49. Nxc4 Qxc4+ 50. Kb1 Kxg7 51. Qb6 Kf7 52. Qa5 Ke6 53. Qd2 d3 54. a5 Qc2+ 55. Qxc2 dxc2+ 56. Kxc2 Kd5 57. Kb3 Kc5 58. Ka4 Bxb2 0-1

[Event "Rhein Main op-B 20th"]
[Site "Bad Homburg"]
[Date "2017.06.17"]
[Round "6"]
[White "Ringel, Max"]
[Black "Meier, Juergen"]
[Result "1/2-1/2"]
[WhiteElo "1175"]
[BlackElo "1671"]
[PlyCount "36"]
[EventDate "2017.06.14"]
[EventType "swiss"]
[EventRounds "7"]
[EventCountry "GER"]
[SourceTitle "EXT 2018"]
[Source "ChessBase"]
[SourceDate "2017.10.13"]
[SourceVersion "1"]
[SourceVersionDate "2017.10.13"]
[SourceQuality "1"]

1. e4 e5 2. Nf3 Nc6 3. Bc4 Bc5 4. c3 d6 5. 0-0 Nf6 6. d3 0-0 7. Bb3 h6 8. h3 Be6 9. Re1 a5 10. Nbd2 Re8 11. Nf1 d5 12. exd5 Bxd5 13. Bxd5 Nxd5 14. Ng3 Nf6 15. Be3 Bxe3 16. Rxe3 Nd5 17. Re2 b5 18. d4 exd4 1/2-1/2

[Event "Rhein Main op-B 19th"]
[Site "Bad Homburg"]
[Date "2016.05.29"]
[Round "7"]
[White "Buchholz, Maja Patricia"]
[Black "Ringel, Max"]
[Result "0-1"]
[WhiteElo "892"]
[BlackElo "1164"]
[PlyCount "98"]
[EventDate "2016.05.25"]
[EventType "swiss"]
[EventRounds "7"]
[EventCountry "GER"]
[SourceTitle "EXT 2017"]
[Source "ChessBase"]
[SourceDate "2016.10.25"]
[SourceVersion "1"]
[SourceVersionDate "2016.10.25"]
[SourceQuality "1"]

1. e4 e5 2. Nf3 Nc6 3. Bc4 Bc5 4. d3 Nf6 5. Nc3 a6 6. Be3 Ba7 7. Qd2 d6 8. 0-0-0 0-0 9. h4 Bg4 10. Rh2 Bh5 11. Rh3 Ng4 12. Rg1 Na5 13. Nh2 Nxc4 14. dxc4 Nxe3 15. Rxe3 Bxe3 16. Qxe3 Qxh4 17. Nf3 Qf4 18. Ng5 Qxe3+ 19. fxe3 h6 20. Rh1 Bg6 21. Nd5 c6 22. Ne7+ Kh8 23. Rg1 hxg5 24. Rh1+ Bh7 25. Nf5 Rad8 26. Ng3 Kg8 27. Rh5 f6 28. Kd2 d5 29. exd5 cxd5 30. cxd5 Rxd5+ 31. Kc3 Rc8+ 32. Kb4 a5+ 33. Kb3 Bxc2+ 34. Ka3 b5 35. b3 Rd3 36. Nf5 Rxb3+ 37. axb3 Bxf5 38. b4 Rc3+ 39. Kb2 axb4 40. Rh1 Rxe3 41. Rg1 Rg3 42. Kc1 Bh3 43. Kb2 Rxg2+ 44. Rxg2 Bxg2 45. Kb3 f5 46. Kxb4 f4 47. Kc3 f3 48. Kd2 f2 49. Ke2 f1Q+ 0-1

[Event "Rhein Main op-B 19th"]
[Site "Bad Homburg"]
[Date "2016.05.28"]
[Round "5"]
[White "Martin, Lukas"]
[Black "Ringel, Max"]
[Result "1-0"]
[WhiteElo "1449"]
[BlackElo "1164"]
[PlyCount "49"]
[EventDate "2016.05.25"]
[EventType "swiss"]
[EventRounds "7"]
[EventCountry "GER"]
[SourceTitle "EXT 2017"]
[Source "ChessBase"]
[SourceDate "2016.10.25"]
[SourceVersion "1"]
[SourceVersionDate "2016.10.25"]
[SourceQuality "1"]

1. d4 Nf6 2. c4 e6 3. Nc3 Bb4 4. Qc2 0-0 5. Bg5 h6 6. Bh4 b6 7. a3 Be7 8. e4 d5 9. e5 Nh7 10. Bxe7 Qxe7 11. cxd5 Bb7 12. Bd3 Ng5 13. h4 exd5 14. hxg5 Qxg5 15. g3 Re8 16. Nf3 Qg4 17. Qe2 Nc6 18. Rh4 Qe6 19. 0-0-0 Ne7 20. Rdh1 Nf5 21. Rh5 Ne7 22. g4 Ng6 23. Bf5 Qc6 24. Qe3 Kf8 25. g5 1-0

[Event "Rhein Main op-B 19th"]
[Site "Bad Homburg"]
[Date "2016.05.27"]
[Round "4"]
[White "Ringel, Max"]
[Black "Thaler, Regina"]
[Result "1-0"]
[WhiteElo "1164"]
[BlackElo "1253"]
[PlyCount "25"]
[EventDate "2016.05.25"]
[EventType "swiss"]
[EventRounds "7"]
[EventCountry "GER"]
[SourceTitle "EXT 2017"]
[Source "ChessBase"]
[SourceDate "2016.10.25"]
[SourceVersion "1"]
[SourceVersionDate "2016.10.25"]
[SourceQuality "1"]

1. e4 c5 2. Nf3 Nc6 3. d4 e6 4. Nc3 Be7 5. Bc4 a6 6. a4 Na5 7. Ba2 cxd4 8. Nxd4 e5 9. Nf5 d6 10. Nxg7+ Kf8 11. Qf3 f6 12. Qh5 Qd7 13. Qf7# 1-0